Big Bang Theory Lyrics - Statistics

General Stats
  • This quiz has been taken 1,912 times
  • The average score is 10 of 15
Answer Stats
Hint Answer % Correct
In A
93%
Our Whole
90%
Billion Years
88%
Universe Was
81%
Hot Dense
79%
Cool The
77%
Began To
76%
The Earth
70%
Ago Expansion
68%
Started. Wait...
66%
Nearly Fourteen
62%
We built a wall We built the pyramids
60%
State, Then
56%
Autotrophs began to drool, Neanderthals developed tools,
25%
Math, science, history, unraveling the mysteries, That all started with the big bang! BANG
19%
No matching quizzes found
Score Distribution
Percent of People with Each Score
Percentile by Number Answered
Your Score History
You have not taken this quiz